[Event "Turkey Cup 2019"]
[Site "Belek"]
[Date "2019.01.30"]
[Round "6.27"]
[White "Gundogan, Sinem Cagla"]
[Black "Caglar, Ahmet Ata"]
[Result "1/2-1/2"]
[WhiteElo "1860"]
[BlackElo "2093"]
[Annotator "NA"]
[PlyCount "42"]
[EventDate "2019.01.27"]
[EventType "swiss"]
[EventCountry "TUR"]
[SourceTitle "playchess.com"]
[Source "ChessBase"]
[SourceQuality "1"]

1. e4 c5 2. d4 cxd4 3. c3 d3 4. Bxd3 Nc6 5. Nf3 d6 6. h3 g6 7. O-O Bg7 8. Bf4 Nf6 9. a4 O-O 10. Re1 Be6 11. Ng5 Bd7 12. Nd2 Rc8 13. Bh2 h6 14. Ngf3 Be6 15. Qe2 Nd7 16. Nc4 Bxc4 17. Bxc4 Nde5 18. Nxe5 Nxe5 19. Ba2 Qc7 20. Bxe5 Bxe5 21. Qe3 Kh7 1/2-1/2

[Event "Turkey Cup 2019"]
[Site "Belek"]
[Date "2019.01.30"]
[Round "6.28"]
[White "Koc, Ilkay"]
[Black "Eren, Alper"]
[Result "1-0"]
[WhiteElo "2000"]
[BlackElo "1919"]
[Annotator "NA"]
[PlyCount "147"]
[EventDate "2019.01.27"]
[EventType "swiss"]
[EventCountry "TUR"]
[SourceTitle "playchess.com"]
[Source "ChessBase"]
[SourceQuality "1"]

1. d4 Nf6 2. c4 g6 3. Nc3 Bg7 4. Nf3 d6 5. Bg5 c6 6. e3 Nbd7 7. Be2 O-O 8. Qc2 a6 9. O-O e5 10. Rfd1 Qe7 11. Rac1 Re8 12. b4 h6 13. Bh4 g5 14. Bg3 Nh5 15. dxe5 Nxg3 16. hxg3 dxe5 17. c5 Nf6 18. Ne4 Nxe4 19. Qxe4 Be6 20. Bc4 Rad8 21. g4 Bxc4 22. Qxc4 Rxd1+ 23. Rxd1 Rd8 24. Rxd8+ Qxd8 25. Qe2 e4 26. Nd2 Qd5 27. Nc4 Bc3 28. a3 Kf8 29. Nd6 Qd3 30. Qxd3 exd3 31. Kf1 Bb2 32. Nc4 Bc3 33. e4 Ke7 34. g3 f6 35. f3 Ke6 36. Kf2 Bd4+ 37. Ke1 Bc3+ 38. Kd1 Kd7 39. Kc1 Ke6 40. Kd1 Kd7 41. f4 Ke6 42. Kc1 Ke7 43. Na5 Be1 44. f5 Bxg3 45. Kd2 Be5 46. Nxb7 Bb2 47. Kxd3 Bxa3 48. Na5 Kd7 49. Kc3 Bc1 50. Nb3 Bf4 51. Kd3 Be5 52. Nd2 Bf4 53. Nc4 Bg3 54. Ke2 Bf4 55. Kd3 Bg3 56. Ne3 Be1 57. Nc2 Bf2 58. Nd4 Be1 59. Kc4 Bd2 60. Nf3 Bf4 61. Kd4 h5 62. gxh5 g4 63. Ne1 Be5+ 64. Kd3 Ke7 65. Ke3 Kf7 66. Nd3 Bh2 67. Nb2 Kg7 68. Nc4 Bc7 69. Nd6 Kh6 70. e5 Bd8 71. Nf7+ Kxh5 72. Nxd8 fxe5 73. Nxc6 Kg5 74. Nxe5 1-0

[Event "Turkey Cup 2019"]
[Site "Belek"]
[Date "2019.01.30"]
[Round "6.29"]
[White "Ozcan, Kadir Kutay"]
[Black "Buker, Muhittin"]
[Result "1/2-1/2"]
[WhiteElo "1794"]
[BlackElo "1978"]
[Annotator "NA"]
[PlyCount "107"]
[EventDate "2019.01.27"]
[EventType "swiss"]
[EventCountry "TUR"]
[SourceTitle "playchess.com"]
[Source "ChessBase"]
[SourceQuality "1"]

1. e4 e5 2. f4 exf4 3. Bc4 Qh4+ 4. Kf1 d5 5. Nf3 Qh5 6. Bxd5 Nf6 7. Nc3 Bb4 8. Qe2 O-O 9. Bb3 Bg4 10. Nd5 Nxd5 11. Bxd5 c6 12. Bb3 Nd7 13. d4 g5 14. c3 Ba5 15. Kg1 Be6 16. h4 g4 17. Ne1 Bc7 18. e5 Bxb3 19. axb3 f6 20. Bxf4 fxe5 21. Bg3 Bb6 22. Qc4+ Qf7 23. Nc2 Rae8 24. Kh2 exd4 25. Nxd4 Nf6 26. Qxf7+ Rxf7 27. Nf5 Rd7 28. Rhe1 Rd2 29. Rxe8+ Nxe8 30. Nh6+ Kg7 31. Nxg4 h5 32. Re1 hxg4 33. Rxe8 Rxb2 34. b4 c5 35. Re4 a5 36. bxa5 Bxa5 37. Rxg4+ Kh7 38. c4 Bc3 39. Bd6 b6 40. Bc7 Bd4 41. Kh3 b5 42. cxb5 Rxb5 43. g3 Rb7 44. Bf4 Rd7 45. Bc1 c4 46. Re4 c3 47. g4 Bg7 48. g5 Rd1 49. Bf4 Kg6 50. Rc4 Kf5 51. Bg3 Bd4 52. Kg2 Ke4 53. g6 Kf5 54. Bf2 1/2-1/2

[Event "Turkey Cup 2019"]
[Site "Belek"]
[Date "2019.01.30"]
[Round "6.30"]
[White "Sakalli, Mustafa"]
[Black "Eldemir, Goksu"]
[Result "1/2-1/2"]
[WhiteElo "1955"]
[BlackElo "1876"]
[Annotator "NA"]
[PlyCount "73"]
[EventDate "2019.01.27"]
[EventType "swiss"]
[EventCountry "TUR"]
[SourceTitle "playchess.com"]
[Source "ChessBase"]
[SourceQuality "1"]

1. e4 c5 2. Nf3 d6 3. d4 cxd4 4. Qxd4 Nc6 5. Bb5 Qa5+ 6. Nc3 Qxb5 7. Nxb5 Nxd4 8. Nfxd4 Kd8 9. Bd2 Nf6 10. f3 Bd7 11. a4 e5 12. Nb3 a6 13. Nc3 b6 14. Bg5 Be7 15. Bxf6 gxf6 16. a5 b5 17. O-O-O f5 18. Nd5 Ra7 19. Nb6 fxe4 20. Nxd7 Rxd7 21. fxe4 Rg8 22. g3 Rg4 23. Rhe1 h5 24. c3 h4 25. Rd3 Kc7 26. Na1 Kc6 27. Nc2 Rd8 28. Nb4+ Kb7 29. Kc2 Rdg8 30. Rf1 hxg3 31. hxg3 R8g7 32. Rdf3 f6 33. Nd5 Rxe4 34. Nxe7 Rxe7 35. Rxf6 Re2+ 36. Kb3 Rd2 37. g4 1/2-1/2

[Event "Turkey Cup 2019"]
[Site "Belek"]
[Date "2019.01.30"]
[Round "6.31"]
[White "Buke, Furkan"]
[Black "Sade, Defne"]
[Result "1/2-1/2"]
[WhiteElo "2044"]
[BlackElo "1952"]
[Annotator "NA"]
[PlyCount "41"]
[EventDate "2019.01.27"]
[EventType "swiss"]
[EventCountry "TUR"]
[SourceTitle "playchess.com"]
[Source "ChessBase"]
[SourceQuality "1"]

1. e4 e5 2. Nf3 Nc6 3. Bb5 a6 4. Ba4 Nf6 5. O-O Be7 6. Re1 b5 7. Bb3 d6 8. a4 Bb7 9. d3 O-O 10. Bd2 Re8 11. Nc3 b4 12. Ne2 Bf8 13. Ng3 g6 14. a5 Rb8 15. c3 bxc3 16. bxc3 Bg7 17. d4 d5 18. dxe5 Nxe4 19. Ba4 Nxd2 20. Qxd2 Re7 21. Bxc6 1/2-1/2

[Event "Turkey Cup 2019"]
[Site "Belek"]
[Date "2019.01.30"]
[Round "6.32"]
[White "Aslan, Dogukan"]
[Black "Gallevci, Yagiz"]
[Result "1/2-1/2"]
[WhiteElo "1709"]
[BlackElo "2034"]
[Annotator "NA"]
[PlyCount "80"]
[EventDate "2019.01.27"]
[EventType "swiss"]
[EventCountry "TUR"]
[SourceTitle "playchess.com"]
[Source "ChessBase"]
[SourceQuality "1"]

1. d4 d5 2. c4 c6 3. e3 Nf6 4. Nc3 Bf5 5. Nf3 e6 6. Bd3 Bg6 7. O-O Nbd7 8. b3 Bd6 9. Bb2 Ne4 10. Qe2 O-O 11. Nd2 f5 12. g3 Qg5 13. f4 Qh6 14. Qg2 Ndf6 15. Ndxe4 dxe4 16. Be2 Bh5 17. h3 Bxe2 18. Nxe2 Qh5 19. Kf2 b5 20. c5 Be7 21. b4 Nd5 22. a3 a5 23. Nc3 Nxc3 24. Bxc3 axb4 25. axb4 g5 26. g4 Qh6 27. gxf5 Rxa1 28. Rxa1 Rxf5 29. Ra8+ Kf7 30. Bd2 Qh5 31. Qg4 Qg6 32. Rc8 h5 33. Qg2 Qh7 34. Ke2 gxf4 35. exf4 Rf6 36. Be3 Bf8 37. Rc7+ Be7 38. Rc8 Bf8 39. Rc7+ Be7 40. Rxc6 Qf5 1/2-1/2

[Event "Turkey Cup 2019"]
[Site "Belek"]
[Date "2019.01.30"]
[Round "6.33"]
[White "Dogdu, Mehmet"]
[Black "Caner, Resul"]
[Result "0-1"]
[WhiteElo "1940"]
[BlackElo "1884"]
[Annotator "NA"]
[PlyCount "50"]
[EventDate "2019.01.27"]
[EventType "swiss"]
[EventCountry "TUR"]
[SourceTitle "playchess.com"]
[Source "ChessBase"]
[SourceQuality "1"]

1. e4 e6 2. d4 d5 3. Nc3 Nf6 4. e5 Nfd7 5. f4 c5 6. Nf3 Nc6 7. Be3 Qb6 8. Na4 Qa5+ 9. c3 cxd4 10. b4 Nxb4 11. cxb4 Bxb4+ 12. Bd2 O-O 13. Rb1 Bxd2+ 14. Nxd2 f6 15. exf6 Nxf6 16. Bd3 e5 17. fxe5 Ng4 18. Rb5 Qc7 19. Nf3 Ne3 20. Rc5 Qd7 21. Qb3 Qg4 22. Be2 Nxg2+ 23. Kd2 Qf4+ 24. Kd1 Ne3+ 25. Ke1 Bg4 0-1

[Event "Turkey Cup 2019"]
[Site "Belek"]
[Date "2019.01.30"]
[Round "6.34"]
[White "Aydogdu, Cagatay"]
[Black "Cilek, Bora"]
[Result "1/2-1/2"]
[WhiteElo "1727"]
[BlackElo "1907"]
[Annotator "NA"]
[PlyCount "40"]
[EventDate "2019.01.27"]
[EventType "swiss"]
[EventCountry "TUR"]
[SourceTitle "playchess.com"]
[Source "ChessBase"]
[SourceQuality "1"]

1. e4 c5 2. Nf3 d6 3. Nc3 g6 4. Bb5+ Bd7 5. O-O Bg7 6. Qe2 a6 7. Bxd7+ Nxd7 8. a4 Ngf6 9. e5 Nxe5 10. Nxe5 dxe5 11. Qxe5 Qd6 12. Re1 O-O 13. d3 Rfe8 14. Bf4 Qc6 15. Qc7 Qxc7 16. Bxc7 e6 17. Be5 Nd5 18. Bxg7 Kxg7 19. Ne4 Rec8 20. a5 Rc6 1/2-1/2

[Event "Turkey Cup 2019"]
[Site "Belek"]
[Date "2019.01.30"]
[Round "6.35"]
[White "Deniz, Medeni"]
[Black "Aydogdu, Selcan Ayberk"]
[Result "1-0"]
[WhiteElo "1933"]
[BlackElo "1631"]
[Annotator "NA"]
[PlyCount "101"]
[EventDate "2019.01.27"]
[EventType "swiss"]
[EventCountry "TUR"]
[SourceTitle "playchess.com"]
[Source "ChessBase"]
[SourceQuality "1"]

1. g3 d5 2. Bg2 Nf6 3. Nf3 c6 4. c4 e6 5. b3 Bd6 6. Bb2 Nbd7 7. O-O O-O 8. d4 b5 9. Ne5 Bxe5 10. dxe5 Ng4 11. cxd5 cxd5 12. Qd4 Nh6 13. e4 Nb6 14. Nc3 Ba6 15. Rfd1 dxe4 16. Qb4 Qc7 17. Nxe4 Nd5 18. Qa3 Bb7 19. Rac1 b4 20. Qa4 Qe7 21. Nd6 a5 22. Qb5 Ra7 23. Bd4 Ba6 24. Qxa5 Raa8 25. Bxd5 Bb7 26. Qxb4 Bxd5 27. Qd2 Ra6 28. Be3 Ng4 29. Qe2 Nxe3 30. Qxa6 Nxd1 31. Rxd1 Ra8 32. Qe2 Qa7 33. Rc1 h6 34. h3 Qxa2 35. Qxa2 Rxa2 36. Rb1 Ra6 37. b4 Rb6 38. f4 f6 39. Kf2 g5 40. Ke3 gxf4+ 41. gxf4 fxe5 42. fxe5 Kf8 43. Kd4 Rb8 44. b5 Ke7 45. Kc5 Kd7 46. Rg1 Rf8 47. Rg7+ Kd8 48. Nf7+ Kc8 49. Kd6 h5 50. Ke7 Rxf7+ 51. Rxf7 1-0

[Event "Turkey Cup 2019"]
[Site "Belek"]
[Date "2019.01.30"]
[Round "6.36"]
[White "Uregen, Rafet"]
[Black "Aydin, Ismail"]
[Result "0-1"]
[WhiteElo "1633"]
[BlackElo "1950"]
[Annotator "NA"]
[PlyCount "67"]
[EventDate "2019.01.27"]
[EventType "swiss"]
[EventCountry "TUR"]
[SourceTitle "playchess.com"]
[Source "ChessBase"]
[SourceQuality "1"]

1. e4 e6 2. d4 d5 3. Nc3 Nf6 4. Bg5 Be7 5. e5 Nfd7 6. Bxe7 Qxe7 7. f4 a6 8. Nf3 c5 9. dxc5 Nc6 10. Qd2 Nxc5 11. Bd3 b5 12. a3 Bd7 13. O-O O-O 14. b4 Nxd3 15. cxd3 f6 16. Qe3 fxe5 17. fxe5 Rf5 18. g4 Rf7 19. Kg2 Raf8 20. h3 Rxf3 21. Rxf3 d4 22. Qe1 Rxf3 23. Kxf3 dxc3 24. Qxc3 Qh4 25. Kg2 Ne7 26. Rf1 h5 27. Qd4 Bc6+ 28. Kh2 Bd5 29. Rf4 hxg4 30. Rxg4 Qe1 31. Qb2 Qh1+ 32. Kg3 Nf5+ 33. Kf4 Qxh3 34. Qf2 0-1

[Event "Turkey Cup 2019"]
[Site "Belek"]
[Date "2019.01.30"]
[Round "6.37"]
[White "Ince, Taylan Ruzgar"]
[Black "Ozsakallioglu, Akin"]
[Result "0-1"]
[WhiteElo "1544"]
[BlackElo "1957"]
[Annotator "NA"]
[PlyCount "144"]
[EventDate "2019.01.27"]
[EventType "swiss"]
[EventCountry "TUR"]
[SourceTitle "playchess.com"]
[Source "ChessBase"]
[SourceQuality "1"]

1. e4 c5 2. Nf3 d6 3. Bb5+ Bd7 4. c4 Nc6 5. d4 cxd4 6. Nxd4 Nf6 7. Nc3 g6 8. Be3 Bg7 9. h3 a6 10. Bxc6 bxc6 11. c5 Qb8 12. Nb3 d5 13. O-O Nxe4 14. Nxe4 dxe4 15. Qd2 Be6 16. Bd4 f6 17. Rfe1 Bd5 18. Rac1 O-O 19. Qc2 e5 20. Bc3 f5 21. Ba5 g5 22. Nd2 Qe8 23. Nc4 Rb8 24. Nd6 Qe6 25. b3 h5 26. Bc7 Ra8 27. b4 g4 28. hxg4 hxg4 29. Qe2 Bh6 30. Rcd1 Bf4 31. a4 Qh6 32. g3 Ra7 33. Nxf5 Rxf5 34. Qxg4+ Rg5 35. Qc8+ Kh7 36. Qd7+ Kh8 37. Kg2 Ra8 38. Rh1 Rh5 39. Rxh5 Qxh5 40. Rh1 e3+ 41. Qxd5 Qxh1+ 42. Kxh1 cxd5 43. gxf4 e2 44. Bxe5+ Kg8 45. Bc3 d4 46. Be1 Rc8 47. Kg2 a5 48. Kf3 axb4 49. Bxb4 d3 50. Ke3 Re8+ 51. Kxd3 e1=Q 52. Bxe1 Rxe1 53. Kc4 Kf7 54. a5 Ke7 55. a6 Kd7 56. f5 Kc6 57. f6 Re4+ 58. Kd3 Rf4 59. a7 Kb7 60. Ke3 Rxf6 61. f4 Ra6 62. f5 Kc6 63. Ke4 Rxa7 64. Ke5 Re7+ 65. Kf6 Re1 66. Kg7 Rg1+ 67. Kf7 Kxc5 68. Ke7 Re1+ 69. Kd7 Rd1+ 70. Ke7 Re1+ 71. Kd7 Rf1 72. Ke6 Kd4 0-1

[Event "Turkey Cup 2019"]
[Site "Belek"]
[Date "2019.01.30"]
[Round "6.38"]
[White "Okus, Melih"]
[Black "Sar, Can"]
[Result "0-1"]
[WhiteElo "2073"]
[BlackElo "1812"]
[Annotator "NA"]
[PlyCount "67"]
[EventDate "2019.01.27"]
[EventType "swiss"]
[EventCountry "TUR"]
[SourceTitle "playchess.com"]
[Source "ChessBase"]
[SourceQuality "1"]

1. c4 c5 2. g3 g6 3. Bg2 Bg7 4. Nc3 Nc6 5. a3 d6 6. Rb1 a5 7. d3 e5 8. e3 Nge7 9. Nge2 O-O 10. O-O Be6 11. Nd5 Rb8 12. Nec3 Kh8 13. Bd2 Bxd5 14. Nxd5 Nxd5 15. Bxd5 Ne7 16. Bg2 b6 17. b4 axb4 18. axb4 Qc7 19. Qa4 f5 20. Bc3 f4 21. exf4 exf4 22. Bxg7+ Kxg7 23. bxc5 dxc5 24. Qa1+ Kh6 25. Rfe1 Nf5 26. Re4 Nd4 27. Qb2 Rfe8 28. Rbe1 Rxe4 29. Rxe4 Rf8 30. Qc1 Kg7 31. Qe1 Qd6 32. Re7+ Rf7 33. Rxf7+ Kxf7 34. Bd5+ 0-1

[Event "Turkey Cup 2019"]
[Site "Belek"]
[Date "2019.01.30"]
[Round "6.39"]
[White "Yelligedik, Murat"]
[Black "Basaran, Alp"]
[Result "1-0"]
[WhiteElo "2055"]
[BlackElo "1723"]
[Annotator "NA"]
[PlyCount "45"]
[EventDate "2019.01.27"]
[EventType "swiss"]
[EventCountry "TUR"]
[SourceTitle "playchess.com"]
[Source "ChessBase"]
[SourceQuality "1"]

1. d4 Nf6 2. Bf4 g6 3. Nc3 d5 4. e3 Bg7 5. h4 h5 6. Nf3 O-O 7. Be2 c5 8. Ne5 cxd4 9. exd4 Nc6 10. Qd2 Be6 11. f3 Rc8 12. O-O-O Qa5 13. Kb1 Nb4 14. a3 Nc6 15. Rhg1 Rfe8 16. g4 a6 17. Bh6 hxg4 18. h5 Nxe5 19. dxe5 Nd7 20. hxg6 fxg6 21. Qg5 d4 22. Qxg6 Qxe5 23. Bxg7 1-0

[Event "Turkey Cup 2019"]
[Site "Belek"]
[Date "2019.01.30"]
[Round "6.40"]
[White "Demir, Bilal"]
[Black "Hatirli, Ugur Can"]
[Result "1/2-1/2"]
[WhiteElo "2094"]
[BlackElo "1713"]
[Annotator "NA"]
[PlyCount "91"]
[EventDate "2019.01.27"]
[EventType "swiss"]
[EventCountry "TUR"]
[SourceTitle "playchess.com"]
[Source "ChessBase"]
[SourceQuality "1"]

1. d4 Nf6 2. c4 e6 3. Nf3 b6 4. g3 Bb7 5. Bg2 Bb4+ 6. Bd2 Qe7 7. O-O O-O 8. Nc3 Bxc3 9. Bxc3 Ne4 10. Be1 d5 11. Qc2 c6 12. Nd2 f5 13. Nxe4 fxe4 14. f3 exf3 15. exf3 Ba6 16. b3 Nd7 17. Bf2 e5 18. Rfe1 Qd6 19. dxe5 Nxe5 20. f4 Ng4 21. cxd5 cxd5 22. Rad1 Bb7 23. Bd4 Rad8 24. Qe2 Nf6 25. Qe6+ Qxe6 26. Rxe6 Kf7 27. Re2 Ne4 28. Be5 Rfe8 29. Rc2 Nf6 30. Rc7+ Re7 31. Rdc1 Rxc7 32. Rxc7+ Rd7 33. Rxd7+ Nxd7 34. Bd4 Nf6 35. Bxf6 Kxf6 36. g4 g5 37. f5 h5 38. h3 h4 39. Kf2 Ke5 40. Bf3 Bc6 41. Be2 b5 42. Bd3 a6 43. a4 bxa4 44. bxa4 Bxa4 45. Bxa6 Bc6 46. Be2 1/2-1/2

[Event "Turkey Cup 2019"]
[Site "Belek"]
[Date "2019.01.30"]
[Round "6.41"]
[White "Hatipoglu, Metin"]
[Black "Yigit, Ahmet Yasir"]
[Result "0-1"]
[WhiteElo "1680"]
[BlackElo "2032"]
[Annotator "NA"]
[PlyCount "68"]
[EventDate "2019.01.27"]
[EventType "swiss"]
[EventCountry "TUR"]
[SourceTitle "playchess.com"]
[Source "ChessBase"]
[SourceQuality "1"]

1. e4 e5 2. Nf3 Nc6 3. Bc4 Nf6 4. d3 Bc5 5. O-O d6 6. h3 Be6 7. Bxe6 fxe6 8. c3 Bb6 9. Re1 Qd7 10. Be3 h6 11. Nbd2 Bxe3 12. Rxe3 g5 13. Nh2 O-O-O 14. a4 h5 15. a5 g4 16. b4 Rdg8 17. b5 Nb8 18. Qb3 d5 19. exd5 exd5 20. Rxe5 gxh3 21. g3 h4 22. Ndf1 hxg3 23. Nxg3 Qd6 24. Rae1 Nbd7 25. R5e3 Nh5 26. Nhf1 Ndf6 27. Rf3 h2+ 28. Kh1 Ng4 29. Qc2 Rf8 30. Qe2 Nf4 31. Qd1 Qg6 32. Qd2 Nxd3 33. Nf5 Ngxf2+ 34. Qxf2 Nxf2+ 0-1

[Event "Turkey Cup 2019"]
[Site "Belek"]
[Date "2019.01.30"]
[Round "6.42"]
[White "Percin, Onder"]
[Black "Camdereli, Gunduz"]
[Result "0-1"]
[WhiteElo "2084"]
[BlackElo "1724"]
[Annotator "NA"]
[PlyCount "132"]
[EventDate "2019.01.27"]
[EventType "swiss"]
[EventCountry "TUR"]
[SourceTitle "playchess.com"]
[Source "ChessBase"]
[SourceQuality "1"]

1. e4 e5 2. Nf3 Nc6 3. Bb5 a6 4. Ba4 Nf6 5. O-O Be7 6. Re1 b5 7. Bb3 O-O 8. h3 d6 9. c3 Na5 10. Bc2 c5 11. d4 Qc7 12. Nbd2 Bd7 13. Nf1 cxd4 14. cxd4 Rfc8 15. Bd3 Nc6 16. Be3 exd4 17. Nxd4 Ne5 18. Rc1 Qb7 19. Ng3 Rxc1 20. Bxc1 Nxd3 21. Qxd3 Bf8 22. Bg5 Ne8 23. Ndf5 Be6 24. b3 f6 25. Bf4 d5 26. e5 fxe5 27. Rxe5 Bf7 28. Bg5 Qc7 29. Ne7+ Kh8 30. Rf5 Nf6 31. Rxf6 Qxe7 32. Rf5 Qe1+ 33. Kh2 Be6 34. Rf3 Bc5 35. Be3 Bd6 36. Bd4 Rc8 37. Be3 Qc3 38. Qd1 Qc7 39. Bd4 Rf8 40. Rxf8+ Bxf8 41. Kg1 Bf7 42. Qa1 Bg6 43. Be5 Qa7 44. Qc3 h6 45. Qc8 Qe7 46. Bc3 Qd6 47. Bd4 Kh7 48. Qg4 Bb1 49. Nh5 Qg6 50. Qxg6+ Kxg6 51. Nf4+ Kf5 52. Be3 Bxa2 53. Nxd5 Bxb3 54. Nc7 Bc4 55. Nxa6 b4 56. Nc5 b3 57. Na4 Ke4 58. Nb2 Bb5 59. g4 Ba3 60. Bc1 Kd4 61. Kg2 Bb4 62. f4 Kc3 63. Nd1+ Kc2 64. Bb2 Kxd1 65. Bxg7 Kc2 66. f5 Bc3 0-1

[Event "Turkey Cup 2019"]
[Site "Belek"]
[Date "2019.01.30"]
[Round "6.43"]
[White "Baltaci, Ismail Tarik"]
[Black "Ceylan, Sezer"]
[Result "1-0"]
[WhiteElo "2014"]
[BlackElo "1689"]
[Annotator "NA"]
[PlyCount "65"]
[EventDate "2019.01.27"]
[EventType "swiss"]
[EventCountry "TUR"]
[SourceTitle "playchess.com"]
[Source "ChessBase"]
[SourceQuality "1"]

1. e4 e5 2. Nf3 Nc6 3. d4 exd4 4. Nxd4 Nf6 5. Nc3 Bb4 6. Nxc6 bxc6 7. Bd3 d5 8. exd5 cxd5 9. O-O O-O 10. Bg5 c6 11. Qf3 Bd6 12. Rfe1 Rb8 13. Rab1 Be6 14. h3 h6 15. Bf4 Qc7 16. Bxh6 Nd7 17. Qh5 Nc5 18. Bxg7 f5 19. Bxf8 Rxf8 20. Qg6+ Kh8 21. Rxe6 Nxe6 22. Qxe6 Rf7 23. Re1 Bf8 24. Qe5+ Bg7 25. Qxc7 Rxc7 26. Re8+ Kh7 27. Bxf5+ Kh6 28. f4 Bd4+ 29. Kh2 Kg7 30. Rc8 Rf7 31. g4 c5 32. Nxd5 Bxb2 33. Rc7 1-0

[Event "Turkey Cup 2019"]
[Site "Belek"]
[Date "2019.01.30"]
[Round "6.44"]
[White "Kisadere, Kutay"]
[Black "Kocyigit, Buse Naz"]
[Result "0-1"]
[WhiteElo "1809"]
[BlackElo "2043"]
[Annotator "NA"]
[PlyCount "84"]
[EventDate "2019.01.27"]
[EventType "swiss"]
[EventCountry "TUR"]
[SourceTitle "playchess.com"]
[Source "ChessBase"]
[SourceQuality "1"]

1. c4 Nf6 2. Nc3 d5 3. cxd5 Nxd5 4. g3 g6 5. Bg2 Nb6 6. Nf3 Bg7 7. d3 O-O 8. O-O e5 9. Bd2 h6 10. a4 a5 11. Be3 Nc6 12. Bxb6 cxb6 13. Nd2 Be6 14. Nc4 f5 15. Ne3 f4 16. Bd5 Bxd5 17. Nexd5 Nd4 18. e3 f3 19. exd4 exd4 20. Qb3 dxc3 21. Rae1 Kh7 22. bxc3 Qd7 23. Re4 Rae8 24. Qc4 Rc8 25. Qb5 Qh3 26. Ne3 Rc5 27. Rh4 Qxh4 28. gxh4 Rxb5 29. axb5 Bxc3 30. Rc1 Bd4 31. Rc7+ Kg8 32. Nc2 Be5 33. Rc4 Rf4 34. d4 Bd6 35. Kf1 Rxh4 36. Ne1 Rh5 37. Nxf3 Rxb5 38. Rc8+ Kf7 39. Rd8 Ke7 40. Rg8 a4 41. Rxg6 a3 42. Ke2 a2 0-1

[Event "Turkey Cup 2019"]
[Site "Belek"]
[Date "2019.01.30"]
[Round "6.45"]
[White "Kirali, Mehmet"]
[Black "Araboga, Mesut"]
[Result "1-0"]
[WhiteElo "1890"]
[BlackElo "1697"]
[Annotator "NA"]
[PlyCount "77"]
[EventDate "2019.01.27"]
[EventType "swiss"]
[EventCountry "TUR"]
[SourceTitle "playchess.com"]
[Source "ChessBase"]
[SourceQuality "1"]

1. e4 e6 2. Nf3 d5 3. Nc3 Nf6 4. Bd3 c5 5. b3 Nc6 6. O-O d4 7. Ne2 Bd7 8. Ng3 Qc7 9. Re1 Be7 10. Bb5 O-O-O 11. d3 h5 12. Ng5 Rdf8 13. f4 h4 14. Nf1 Nh5 15. Bxc6 Bxc6 16. Qg4 Bd7 17. e5 Qc6 18. Nd2 f5 19. Qxh4 Rh6 20. Ndf3 Rfh8 21. Qf2 Be8 22. Bd2 g6 23. a4 a5 24. h3 b6 25. Kf1 Ng7 26. Rec1 Kb7 27. c3 dxc3 28. Rxc3 Qd5 29. d4 Rh5 30. Rac1 Bc6 31. Be3 Rc8 32. dxc5 b5 33. axb5 Bxb5+ 34. Kg1 Bc6 35. Nf7 Rb8 36. Nd4 Bh4 37. Nd6+ Qxd6 38. cxd6 Bxf2+ 39. Kxf2 1-0

[Event "Turkey Cup 2019"]
[Site "Belek"]
[Date "2019.01.30"]
[Round "6.46"]
[White "Akcun, Fayik"]
[Black "Demirag, Batuhan"]
[Result "0-1"]
[WhiteElo "1614"]
[BlackElo "1906"]
[Annotator "NA"]
[PlyCount "64"]
[EventDate "2019.01.27"]
[EventType "swiss"]
[EventCountry "TUR"]
[SourceTitle "playchess.com"]
[Source "ChessBase"]
[SourceQuality "1"]

1. e4 c5 2. Nf3 Nc6 3. d4 cxd4 4. Nxd4 Nf6 5. Nc3 e5 6. Ndb5 d6 7. Bg5 a6 8. Na3 b5 9. Nd5 Be7 10. Bxf6 Bxf6 11. c3 Bg5 12. Bd3 O-O 13. Nc2 Be6 14. Nce3 Bxe3 15. Nxe3 g6 16. a4 Rb8 17. Qe2 bxa4 18. Rxa4 a5 19. O-O Kh8 20. Rd1 Bb3 21. Raa1 Bxd1 22. Rxd1 Ne7 23. Bc4 f5 24. exf5 Nxf5 25. Ng4 Qb6 26. b3 h5 27. Ne3 Nxe3 28. fxe3 Rf6 29. g4 hxg4 30. Kh1 Rbf8 31. Qxg4 Qxe3 32. Qh4+ Kg7 0-1

[Event "Turkey Cup 2019"]
[Site "Belek"]
[Date "2019.01.30"]
[Round "6.47"]
[White "Ozcan, Berk"]
[Black "Aysoy, Veysi"]
[Result "0-1"]
[WhiteElo "1709"]
[BlackElo "1933"]
[Annotator "NA"]
[PlyCount "110"]
[EventDate "2019.01.27"]
[EventType "swiss"]
[EventCountry "TUR"]
[SourceTitle "playchess.com"]
[Source "ChessBase"]
[SourceQuality "1"]

1. e4 d5 2. exd5 Nf6 3. d4 Nxd5 4. c4 Nb6 5. Nf3 g6 6. Nc3 Bg7 7. c5 Nd5 8. Bc4 Nxc3 9. bxc3 O-O 10. O-O Nc6 11. Bf4 b6 12. cxb6 axb6 13. Qe2 e6 14. Rfd1 Na5 15. Bd3 Bb7 16. Be4 Qc8 17. Ng5 h6 18. Bxb7 Nxb7 19. Ne4 f5 20. Ng3 Nd6 21. Re1 Re8 22. Be5 Nf7 23. Bxg7 Kxg7 24. Qb2 Qa6 25. Re2 Qa3 26. c4 Qxb2 27. Rxb2 Ra5 28. Ne2 e5 29. d5 Rc5 30. Rc2 g5 31. g3 Ra8 32. f4 Ra4 33. Rac1 Kf6 34. fxe5+ Nxe5 35. Nd4 Rca5 36. Rf1 Kg6 37. Nxf5 Rxa2 38. Ne7+ Kg7 39. Rff2 Rxc2 40. Rxc2 Rc5 41. Nf5+ Kg6 42. Ne3 g4 43. Kf2 h5 44. Kf1 Nf3 45. Rf2 Kg5 46. h4+ Kf6 47. Re2 Nd4 48. Rf2+ Ke5 49. Rf7 Ke4 50. Kf2 Ra5 51. Re7+ Kd3 52. Nf1 Ra2+ 53. Kg1 Nf3+ 54. Kh1 Rf2 55. Re3+ Kd4 0-1

[Event "Turkey Cup 2019"]
[Site "Belek"]
[Date "2019.01.30"]
[Round "6.48"]
[White "Ozata, Doruk"]
[Black "Hatipli, Mehmet"]
[Result "1/2-1/2"]
[WhiteElo "1778"]
[BlackElo "1888"]
[Annotator "NA"]
[PlyCount "78"]
[EventDate "2019.01.27"]
[EventType "swiss"]
[EventCountry "TUR"]
[SourceTitle "playchess.com"]
[Source "ChessBase"]
[SourceQuality "1"]

1. e4 c6 2. d4 d5 3. exd5 cxd5 4. Bd3 Nc6 5. c3 Nf6 6. Bf4 g6 7. Nf3 Bg7 8. O-O O-O 9. h3 Bf5 10. Qc2 Bxd3 11. Qxd3 Rc8 12. Nbd2 Re8 13. Rfe1 Nh5 14. Bh2 e6 15. Ne5 Nxe5 16. Bxe5 Bh6 17. Nf3 Nf4 18. Bxf4 Bxf4 19. Ne5 f6 20. Ng4 Kg7 21. Re2 h5 22. Nh2 Bxh2+ 23. Kxh2 Rc6 24. Rd1 a6 25. Qc2 b5 26. Rd3 a5 27. a3 Qc7+ 28. Kg1 b4 29. axb4 axb4 30. Qa4 bxc3 31. Rxc3 Rxc3 32. bxc3 Rb8 33. g3 Kf7 34. Qa6 Rb6 35. Qa8 Rb8 36. Qa6 Rb6 37. Qa8 Rb8 38. Qa4 Qb6 39. Qa8 Qc7 1/2-1/2

[Event "Turkey Cup 2019"]
[Site "Belek"]
[Date "2019.01.30"]
[Round "6.49"]
[White "Yaylali, Adnan Dogan"]
[Black "Yenil, Mucahit"]
[Result "0-1"]
[WhiteElo "1927"]
[BlackElo "1714"]
[Annotator "NA"]
[PlyCount "106"]
[EventDate "2019.01.27"]
[EventType "swiss"]
[EventCountry "TUR"]
[SourceTitle "playchess.com"]
[Source "ChessBase"]
[SourceQuality "1"]

1. d4 Nf6 2. Nf3 g6 3. Bf4 Bg7 4. e3 d6 5. h3 b6 6. Be2 Bb7 7. O-O O-O 8. c4 e6 9. Nc3 Qe7 10. Qc2 Nbd7 11. e4 Nh5 12. Bg5 f6 13. Bd2 f5 14. exf5 Rxf5 15. Rfe1 Raf8 16. d5 Ne5 17. Nd4 Rxf2 18. Ne4 exd5 19. Nxf2 Rxf2 20. Kxf2 Qh4+ 21. Kg1 Qxd4+ 22. Kh2 Qh4 23. Bxh5 gxh5 24. Qf5 Bf6 25. Qf4 Ng4+ 26. Kg1 Ne5 27. Qxh4 Bxh4 28. Rf1 dxc4 29. Bh6 Be7 30. Rf5 Be4 31. Rxe5 dxe5 32. Re1 Bd3 33. Rxe5 Bf6 34. Re8+ Kf7 35. Rc8 Be5 36. Kf2 Ke7 37. Bg5+ Kd7 38. Rd8+ Kc6 39. Bc1 a5 40. Ke3 Bb1 41. a3 Bf6 42. Rd1 Kb5 43. Rd5+ Ka4 44. Rxh5 c5 45. Kd2 Kb3 46. Rd5 Be4 47. Rd6 Bg5+ 48. Kd1 Bc2+ 49. Ke1 Bxc1 50. Rxb6+ Ka4 51. g4 Bb3 52. h4 Bxb2 53. g5 c3 0-1